Improve your Writing; Learn the skills, master the language (Record no. 327115)

000 -LEADER
fixed length control field 00330 a2200133 4500
001 - CONTROL NUMBER
control field 92042
082 ## - DEWEY DECIMAL CLASSIFICATION NUMBER
Classification number 428 COL
090 ## - LOCALLY ASSIGNED LC-TYPE CALL NUMBER (OCLC); LOCAL CALL NUMBER (RLIN)
-- 44000
-- 43999
100 ## - MAIN ENTRY--PERSONAL NAME
Personal name Collins
245 ## - TITLE STATEMENT
Title Improve your Writing; Learn the skills, master the language
260 ## - PUBLICATION, DISTRIBUTION, ETC.
Place of publication, distribution, etc. UK
Name of publisher, distributor, etc. HarperCollins Publishers
Date of publication, distribution, etc. 2009
300 ## - PHYSICAL DESCRIPTION
Extent Pb
500 ## - GENERAL NOTE
General note General Book
942 ## - ADDED ENTRY ELEMENTS (KOHA)
Institution code [OBSOLETE] CAE NUST
Call number prefix 428 COL
Holdings
Withdrawn status Lost status Damaged status Not for loan Collection code Permanent Location Current Location Date acquired Total Checkouts Full call number Barcode Date last seen Price effective from Koha item type
          College of Aeronautical Engineering (CAE) College of Aeronautical Engineering (CAE) 04/03/2017   428 COL CAE88416 04/05/2017 04/05/2017 Book
© 2023 Central Library, National University of Sciences and Technology. All Rights Reserved.